000 00725nam a2200289Ia 4500
005 20260324134218.0
008 008 260324s9999 xx 000 0 eng d
020 _a9781315082110
037 _aEBOOK
040 _aCRL
040 _beng
040 _cCRL
041 _2eng
041 _aeng
084 _qCRL
100 _aMark Traugott
_91195991
245 0 _aArmies of the Poor
245 0 _bDeterminants of Working-class Participation in in the Parisian Insurrection of June 1848
260 _bTaylor and Francis
260 _c2002
365 _a
365 _b230
856 _uhttp://www.taylorfrancis.com/books/9781315082110
942 _cEBOOK
999 _c1795811
_d1795811